| 000 | 02265cam a22005174i 4500 | ||
|---|---|---|---|
| 003 | PE-LiUPU | ||
| 005 | 20250731165434.0 | ||
| 008 | 150706s2012 sp a rb 000 0 spa d | ||
| 020 | _a9786077075103 | ||
| 020 | _a6077075108 | ||
| 035 | _a(Sirsi) a156401 | ||
| 040 |
_aPE-LiUPU _bspa _cPE-LiUPU _erda |
||
| 049 | _aPRUA | ||
| 082 | 0 | 4 |
_a001.42 _bB15 2012 _221 |
| 100 | 1 |
_aBáez y Pérez de Tudela, Juan, _eautor. |
|
| 245 | 1 | 0 |
_aInvestigación cualitativa / _cJuan Báez y Péres de Tudela. |
| 250 | _aSegunda edición revisada y actualizada. | ||
| 264 | 1 |
_aPozuelo de Alarcón, Madrid : _bESIC, _c2012 |
|
| 300 |
_a401 páginas : _bilustraciones ; _c22 centímetros. |
||
| 336 |
_atext _2rdacontent |
||
| 337 |
_aunmediated _2rdamedia |
||
| 338 |
_avolume _2rdacarrier |
||
| 504 | _aBibliografía : páginas 379-401. | ||
| 505 | 0 | _aEl contexto -- Introducción a la investigación comercial cualitativa -- Evolución de la investigación cualitativa -- Método y ciencia -- Las técnicas -- La entrevista -- El grupo -- Observación, pseudocompra y compra misteriosa -- Otras técnicas cualitativas -- Del diseño de la investigación al informe de resultados -- El diseño de la investigación -- El análisis -- Los paradigmas de análisis I: "las palabras" -- Los paradigmas de análisis II: "los hechos" -- La creación del analista -- El valor de la investigación: evaluación -- La consultoría -- La consultoría para el cambio en las organizaciones. | |
| 526 | _aSEG44 | ||
| 526 | _aSEG26 | ||
| 526 | _aP151 | ||
| 526 | _aP150 | ||
| 526 | _aP149 | ||
| 526 | _aP146 | ||
| 526 | _aP145 | ||
| 526 | _aP126 | ||
| 526 | _aP125 | ||
| 526 | _aP92 | ||
| 526 | _aP75 | ||
| 526 | _aP74 | ||
| 526 | _aP27 | ||
| 526 | _aP15 | ||
| 596 | _a1 | ||
| 650 | 0 | 4 | _aInvestigación cualitativa. |
| 942 |
_2ddc _cBOOK |
||
| 949 |
_a001.42 B15 _wDEWEY _c1 _i72680 _lCCODEBUL1 _mBUL _p25.99 _r0 _sY _tBOOK _u2016-04-06 _oStaff.Coleción General 1 _0compra |
||
| 994 |
_aC0 _bPEPRU |
||
| 999 |
_a001.42 B15 2012 _wLC _c9083 _i72680 _d9083 _e2019-11-22 _f2021-11-4 _g5 _lCCODEBUL1 _mBUL _n10 _p25.99 _q6 _r0 _sY _tBOOK _u2016-3-7 _xBIBLIOTECA _PP69 _0COMPRA _o.STAFF. Posgrado |
||
| 980 |
_81 _gALBERTO SANCHEZ Responsable de Automatización |
||